000 00351nam a2200145 i 4500
001 bg
100 1 _aSESTAK, Jaroslav
245 0 _aThermophysical properties of solids /
_cJ. Sestak.
260 _aPrague :
_bAcademia Prague,
_c1984.
040 _cBPK
041 _apol
080 _a536
942 _cKS
008 s pl f |000 0 pol
999 _c28035
_d28035
856 _uhttp://koha.tu.koszalin.pl/cgi-bin/koha/opac-detail.pl?biblionumber=28035
_yKatalog online BPK